[Event "Abe Yanofsky mem"]
[Site "Winnipeg CAN"]
[Date "2003.08.30"]
[Round "3"]
[White "Drake, Jason"]
[Black "Khedkar, Jay"]
[Result "1-0"]
[WhiteElo "2205"]
[BlackElo "1858"]
[PlyCount "81"]
[EventDate "2003.08.29"]
[EventType "swiss"]
[EventRounds "6"]
[EventCountry "CAN"]

1. e4 e5 2. Nf3 Nc6 3. d4 exd4 4. Nxd4 Nf6 5. Nxc6 bxc6 6. e5 Nd5 7. c4 Bb4+ 8.
Nd2 Nf4 9. a3 Be7 10. g3 Ng6 11. Nf3 O-O 12. Bg2 f6 13. exf6 Bxf6 14. O-O Rb8
15. Rb1 Ba6 16. Qa4 Qc8 17. Rd1 Ne7 18. Bh3 Nd5 19. cxd5 Be2 20. Ng5 Qe8 21.
Re1 Qg6 22. Qe4 Bd3 23. Qxg6 hxg6 24. Bd2 Bxb1 25. Rxb1 cxd5 26. Bxd7 Rxb2 27.
Be6+ Kh8 28. Rxb2 Bxb2 29. Bb4 Rb8 30. Bxd5 Bc1 31. Ne6 a5 32. Bc3 Rb1 33. Be4
Rb3 34. Bxg7+ Kh7 35. Bd4 Bxa3 36. h4 Bd6 37. h5 Rb4 38. hxg6+ Kg8 39. Bd5 Rb5
40. Nxc7+ Rxd5 41. Nxd5 1-0

[Event "Abe Yanofsky mem"]
[Site "Winnipeg CAN"]
[Date "2003.08.30"]
[Round "3"]
[White "Eschbach, Ralph"]
[Black "Lipnowski, Irwin"]
[Result "0-1"]
[WhiteElo "1861"]
[BlackElo "2276"]
[PlyCount "44"]
[EventDate "2003.08.29"]
[EventType "swiss"]
[EventRounds "6"]
[EventCountry "CAN"]

1. d4 Nf6 2. Nf3 g6 3. c4 Bg7 4. Nc3 d5 5. cxd5 Nxd5 6. e4 Nxc3 7. bxc3 c5 8.
Be2 cxd4 9. cxd4 Nc6 10. Be3 O-O 11. O-O Bg4 12. Rb1 Bxf3 13. Bxf3 Nxd4 14.
Rxb7 Qd6 15. Bxd4 Bxd4 16. Qa4 Rad8 17. Rb5 Qf4 18. Qb3 e6 19. Rd1 Bb6 20. g3
Qc7 21. a4 Rxd1+ 22. Qxd1 Rd8 0-1

[Event "Abe Yanofsky mem"]
[Site "Winnipeg CAN"]
[Date "2003.08.30"]
[Round "3"]
[White "Fedorowicz, John"]
[Black "Lipnowski, Samuel"]
[Result "1-0"]
[WhiteElo "2537"]
[BlackElo "2099"]
[PlyCount "129"]
[EventDate "2003.08.29"]
[EventType "swiss"]
[EventRounds "6"]
[EventCountry "CAN"]

1. d4 d5 2. c4 c6 3. Nf3 Nf6 4. Qc2 g6 5. cxd5 cxd5 6. Bf4 Bf5 7. Qb3 Qb6 8.
Qxb6 axb6 9. Bxb8 Rxb8 10. e3 Bg7 11. Bb5+ Bd7 12. Bxd7+ Nxd7 13. Nc3 e6 14.
Ke2 Ke7 15. Rhc1 Rhc8 16. Rc2 Rc6 17. Rac1 Rbc8 18. Ne1 Bf8 19. a3 Kd8 20. g3
Be7 21. Nd3 Bd6 22. Kd1 Ke7 23. Nb5 Rxc2 24. Rxc2 Rxc2 25. Kxc2 f6 26. Nc3 Nb8
27. Kb3 Kd7 28. Ka4 Nc6 29. Kb5 Kc7 30. Ne2 Na7+ 31. Ka4 Kd7 32. h3 Nc6 33. g4
Bc7 34. Nc3 Bd6 35. Kb5 Kc7 36. Ne2 Na7+ 37. Ka4 Kd7 38. f3 Nc6 39. Kb5 Bc7 40.
Nc3 Na7+ 41. Ka4 Nc6 42. b4 Bd6 43. Kb3 Ke7 44. f4 f5 45. g5 Kd7 46. Kc2 Ke7
47. Ne2 Kd7 48. Ne1 Ke7 49. Nf3 Bc7 50. Nc3 Kd7 51. h4 Bd6 52. Ne2 Ke7 53. Kb3
Kd7 54. h5 Bc7 55. hxg6 hxg6 56. Ka4 Ke7 57. Nc1 Na7 58. Nd3 b5+ 59. Kb3 Nc6
60. a4 bxa4+ 61. Kxa4 Kd6 62. Nfe5 Ne7 63. Nc5 Bb6 64. Nxb7+ Kc7 65. Nc5 1-0

[Event "Abe Yanofsky mem"]
[Site "Winnipeg CAN"]
[Date "2003.08.30"]
[Round "3"]
[White "Hellsten, Ole"]
[Black "Prystenski, Arthur"]
[Result "0-1"]
[WhiteElo "2006"]
[BlackElo "2225"]
[PlyCount "66"]
[EventDate "2003.08.29"]
[EventType "swiss"]
[EventRounds "6"]
[EventCountry "CAN"]

1. d4 e6 2. Nf3 d5 3. e3 c6 4. Bd3 f5 5. Ne5 Nf6 6. Nd2 Be7 7. f4 O-O 8. Ndf3
Qe8 9. Bd2 Ne4 10. Qe2 Nd7 11. O-O-O c5 12. c3 c4 13. Bb1 Ndf6 14. Be1 b5 15.
Nd2 Nxc3 16. bxc3 Ba3+ 17. Kc2 b4 18. Nb3 cxb3+ 19. axb3 a5 20. Ba2 bxc3 21.
Bxc3 Ne4 22. Qe1 Qb5 23. Kb1 Bb4 24. Bxb4 axb4 25. Kb2 Qa5 26. Ra1 Qa3+ 27. Kb1
Bb7 28. Nd3 Nc3+ 29. Kc2 Rfc8 30. Nc5 Ne4 31. Qc1 Nxc5 32. Qxa3 Ne4+ 33. Kd3
Rxa3 0-1

[Event "Abe Yanofsky mem"]
[Site "Winnipeg CAN"]
[Date "2003.08.30"]
[Round "3"]
[White "Hildebrandt, Peter"]
[Black "Babb, Jeff"]
[Result "0-1"]
[WhiteElo "1538"]
[BlackElo "2149"]
[PlyCount "62"]
[EventDate "2003.08.29"]
[EventType "swiss"]
[EventRounds "6"]
[EventCountry "CAN"]

1. e4 e5 2. Nf3 Nc6 3. Bc4 Bc5 4. O-O Nf6 5. c3 Nxe4 6. d4 d5 7. dxc5 dxc4 8.
Qe2 Qd3 9. Qxd3 cxd3 10. Re1 Nxc5 11. Nxe5 O-O 12. Be3 Nxe5 13. Bxc5 Re8 14.
Nd2 Bf5 15. h3 h5 16. Bd4 f6 17. Rad1 b6 18. b4 Rac8 19. Bxe5 Rxe5 20. Rxe5
fxe5 21. f3 Kf7 22. Ne4 Rd8 23. Kf2 Bxe4 24. fxe4 c5 25. bxc5 bxc5 26. Ke3 c4
27. Rb1 Ke6 28. Rb2 Rd6 29. a4 Rb6 30. Ra2 Rb3 31. Kd2 h4 0-1

[Event "Abe Yanofsky mem"]
[Site "Winnipeg CAN"]
[Date "2003.08.30"]
[Round "3"]
[White "Hughey, Micah"]
[Black "Olafsson, Helgi"]
[Result "0-1"]
[WhiteElo "2112"]
[BlackElo "2558"]
[PlyCount "70"]
[EventDate "2003.08.29"]
[EventType "swiss"]
[EventRounds "6"]
[EventCountry "CAN"]

1. e4 c5 2. c3 e6 3. d4 d5 4. exd5 exd5 5. Nf3 Nc6 6. Be3 c4 7. b3 cxb3 8. axb3
Bd6 9. Bd3 Nge7 10. O-O Bf5 11. Re1 O-O 12. c4 Bb4 13. Re2 Qd7 14. Qc2 Bxd3 15.
Qxd3 Qf5 16. Qxf5 Nxf5 17. cxd5 Nce7 18. Bd2 Bxd2 19. Nbxd2 Nxd5 20. Re5 Nfe7
21. Rae1 Rfe8 22. Nc4 Rad8 23. Kf1 Rd7 24. g3 f6 25. Re6 Red8 26. Ke2 Nc6 27.
Kd3 Kf7 28. h4 Nc7 29. R6e4 Nb5 30. Rf4 Kf8 31. Ree4 Nb4+ 32. Kd2 Nd5 33. Nfe5
Re7 34. Rf5 g6 35. Rf3 Kg7 0-1

[Event "Abe Yanofsky mem"]
[Site "Winnipeg CAN"]
[Date "2003.08.30"]
[Round "3"]
[White "Kaptsan, Aron"]
[Black "Santelices, Philip"]
[Result "0-1"]
[WhiteElo "1993"]
[BlackElo "1560"]
[PlyCount "82"]
[EventDate "2003.08.29"]
[EventType "swiss"]
[EventRounds "6"]
[EventCountry "CAN"]

1. d4 e6 2. c4 c5 3. d5 exd5 4. cxd5 d6 5. Nc3 g6 6. g3 Bg7 7. Bg2 Nf6 8. Nf3
O-O 9. O-O a6 10. a4 Re8 11. Nd2 Nbd7 12. Nc4 Ne5 13. Nxe5 Rxe5 14. Re1 Bd7 15.
Qb3 Qc7 16. Bf4 Re7 17. Rad1 Rae8 18. e4 Nh5 19. Bg5 f6 20. Be3 Bf8 21. h3 g5
22. Qc4 Qc8 23. Kh2 Ng7 24. a5 Kh8 25. Rc1 h5 26. b4 h4 27. g4 Bxg4 28. hxg4
Qxg4 29. bxc5 dxc5 30. Qe2 Qc8 31. Na4 Rxe4 32. Bxe4 Rxe4 33. Rc4 Bd6+ 34. Kg2
h3+ 35. Kh1 Qf5 36. Nb6 Qe5 37. f3 Rxe3 38. Re4 Rxe2 39. Rxe5 Rxe5 40. Rd1 Re2
41. Nc4 Nf5 0-1

[Event "Abe Yanofsky mem"]
[Site "Winnipeg CAN"]
[Date "2003.08.30"]
[Round "3"]
[White "Lipnowski, Michael"]
[Black "Tang, Edward"]
[Result "1/2-1/2"]
[WhiteElo "1972"]
[BlackElo "1984"]
[PlyCount "43"]
[EventDate "2003.08.29"]
[EventType "swiss"]
[EventRounds "6"]
[EventCountry "CAN"]

1. d4 d5 2. c4 c6 3. cxd5 cxd5 4. Bf4 Nf6 5. e3 Nc6 6. Bd3 e6 7. Nc3 Bd6 8. Bg3
a6 9. Rc1 O-O 10. Nf3 Bxg3 11. hxg3 Qb6 12. Qe2 h6 13. O-O Bd7 14. a3 Rfc8 15.
b4 Be8 16. Na4 Qa7 17. Nc5 Nd7 18. Bb1 b6 19. Nb3 Nf6 20. Nbd2 Ne7 21. Ne5 Bb5
22. Bd3 1/2-1/2

[Event "Abe Yanofsky mem"]
[Site "Winnipeg CAN"]
[Date "2003.08.30"]
[Round "3"]
[White "Penner, Wesley"]
[Black "Boehmer, Kris"]
[Result "0-1"]
[WhiteElo "1749"]
[BlackElo "2172"]
[PlyCount "56"]
[EventDate "2003.08.29"]
[EventType "swiss"]
[EventRounds "6"]
[EventCountry "CAN"]

1. d4 d5 2. e3 Nf6 3. c4 c6 4. Nc3 a6 5. Bd2 Bf5 6. Nf3 e6 7. c5 Nbd7 8. b4 Qc7
9. a4 Be7 10. b5 axb5 11. axb5 O-O 12. b6 Qb8 13. Be2 e5 14. O-O Ne4 15. Rxa8
Qxa8 16. Qa1 Nxd2 17. Nxd2 exd4 18. exd4 Bf6 19. Nb3 Bc2 20. Qb2 Bxb3 21. Ra1
Qd8 22. Qxb3 Bxd4 23. Ra7 Nxc5 24. Qb4 Qh4 25. Ne4 Nxe4 26. Rxb7 Bxf2+ 27. Kf1
Bxb6 28. Qxb6 Nd2+ 0-1

[Event "Abe Yanofsky mem"]
[Site "Winnipeg CAN"]
[Date "2003.08.30"]
[Round "3"]
[White "Regimbald, Adrien"]
[Black "Gustafson, Dale"]
[Result "1/2-1/2"]
[WhiteElo "1847"]
[BlackElo "2040"]
[PlyCount "51"]
[EventDate "2003.08.29"]
[EventType "swiss"]
[EventRounds "6"]
[EventCountry "CAN"]

1. c4 e5 2. g3 Nc6 3. Bg2 g6 4. Nc3 Bg7 5. e4 d6 6. Nge2 Be6 7. d3 Qd7 8. f4
Bh3 9. O-O h5 10. f5 Bxg2 11. Kxg2 h4 12. Nd5 hxg3 13. hxg3 gxf5 14. exf5 f6
15. Nec3 Nd4 16. Be3 c6 17. Bxd4 exd4 18. Nf4 dxc3 19. Re1+ Kf7 20. Qg4 Nh6 21.
Qh5+ Kg8 22. Ng6 cxb2 23. Ne7+ Qxe7 24. Rxe7 bxa1=Q 25. Re8+ Rxe8 26. Qxe8+
1/2-1/2

[Event "Abe Yanofsky mem"]
[Site "Winnipeg CAN"]
[Date "2003.08.30"]
[Round "3"]
[White "Spraggett, Kevin"]
[Black "Haessel, Dale"]
[Result "1-0"]
[WhiteElo "2629"]
[BlackElo "2207"]
[PlyCount "61"]
[EventDate "2003.08.29"]
[EventType "swiss"]
[EventRounds "6"]
[EventCountry "CAN"]

1. e4 c5 2. Nf3 d6 3. d4 cxd4 4. Nxd4 Nf6 5. Nc3 a6 6. Be2 e5 7. Nb3 Be7 8. O-O
O-O 9. Re1 Nbd7 10. Bf1 b5 11. a4 b4 12. Nd5 Nxd5 13. exd5 Bb7 14. c3 a5 15.
Bb5 f5 16. cxb4 axb4 17. Bd2 Bxd5 18. Bxb4 Nf6 19. Nd2 Rb8 20. Rc1 e4 21. b3
Rf7 22. Nc4 Bxc4 23. bxc4 Ng4 24. Qd5 Bf8 25. h3 Ne5 26. c5 Qg5 27. cxd6 Nf3+
28. Kh1 Qf4 29. gxf3 Qxf3+ 30. Kg1 Qxh3 31. Rc3 1-0

[Event "Abe Yanofsky mem"]
[Site "Winnipeg CAN"]
[Date "2003.08.30"]
[Round "3"]
[White "Vincent, Trevor"]
[Black "Melamedoff, Gustavo"]
[Result "1-0"]
[WhiteElo "2044"]
[BlackElo "2207"]
[PlyCount "85"]
[EventDate "2003.08.29"]
[EventType "swiss"]
[EventRounds "6"]
[EventCountry "CAN"]

1. c4 e5 2. g3 Nf6 3. Bg2 Be7 4. Nc3 O-O 5. e4 Nc6 6. Nge2 d6 7. O-O Be6 8. d3
Nd7 9. Nd5 Nc5 10. Be3 a5 11. d4 exd4 12. Nxd4 Ne5 13. Nxe6 Nxe6 14. Nxe7+ Qxe7
15. Rc1 Nc5 16. Qe2 Ncd3 17. Rcd1 Nb4 18. a3 Nbc6 19. Rd5 a4 20. Rfd1 Nd7 21.
c5 Nxc5 22. e5 Ne6 23. exd6 cxd6 24. Rxd6 Rfd8 25. Rxd8+ Rxd8 26. Bb6 Rxd1+ 27.
Qxd1 Qf6 28. Qxa4 Qxb2 29. Qa8+ Nf8 30. Qxb7 Qb1+ 31. Bf1 Nd8 32. Qa6 Nde6 33.
Qb5 Qd1 34. a4 Nd4 35. Bxd4 Qxd4 36. a5 Qa7 37. Bh3 g6 38. Bc8 Qc7 39. Bb7 Ne6
40. a6 Qc1+ 41. Kg2 Qa1 42. Qb6 Qd1 43. Bf3 1-0

[Event "Abe Yanofsky mem"]
[Site "Winnipeg CAN"]
[Date "2003.08.31"]
[Round "4"]
[White "Boehmer, Kris"]
[Black "Baragar, Fletcher"]
[Result "0-1"]
[WhiteElo "2172"]
[BlackElo "2265"]
[PlyCount "52"]
[EventDate "2003.08.29"]
[EventType "swiss"]
[EventRounds "6"]
[EventCountry "CAN"]

1. d4 Nf6 2. Nf3 e6 3. Nbd2 c5 4. e3 b6 5. b3 Bb7 6. Bd3 d5 7. Ne5 Be7 8. Bb2
O-O 9. O-O Nc6 10. f4 Nb4 11. Be2 Ne4 12. a3 Nc6 13. Bd3 f5 14. Ndf3 Rc8 15.
Qe2 Rc7 16. c4 Na5 17. dxc5 Nxc5 18. cxd5 Nxd3 19. Qxd3 Qxd5 20. Qxd5 Bxd5 21.
b4 Nb3 22. Rad1 Rc2 23. Nd3 Rfc8 24. Rfe1 Bxf3 25. gxf3 Nd2 26. Kf2 Bh4+ 0-1

[Event "Abe Yanofsky mem"]
[Site "Winnipeg CAN"]
[Date "2003.08.31"]
[Round "4"]
[White "Greenberg, Harley"]
[Black "Kaptsan, Aron"]
[Result "1/2-1/2"]
[WhiteElo "1851"]
[BlackElo "1993"]
[PlyCount "65"]
[EventDate "2003.08.29"]
[EventType "swiss"]
[EventRounds "6"]
[EventCountry "CAN"]

1. d4 d5 2. c4 e6 3. Nc3 Nf6 4. Nf3 Bb4 5. Bg5 h6 6. Bf4 Nc6 7. e3 Ne4 8. Qc2
g5 9. Bg3 h5 10. h3 Bxc3+ 11. bxc3 Nxg3 12. fxg3 Qd6 13. O-O-O Qxg3 14. Bd3 Bd7
15. Rde1 O-O-O 16. Rhf1 Rdf8 17. cxd5 exd5 18. Bf5 Be6 19. Re2 Rhg8 20. h4 gxh4
21. Rh1 Ne7 22. Nxh4 Nxf5 23. Nxf5 Qg5 24. Nh4 Bg4 25. Nf3 Qg6 26. Kd2 Qe4 27.
Rf2 Qe7 28. Ne5 Qe6 29. Rhf1 f6 30. Qa4 a6 31. Qb4 Qd6 32. Qxd6 cxd6 33. Nd3
1/2-1/2

[Event "Abe Yanofsky mem"]
[Site "Winnipeg CAN"]
[Date "2003.08.31"]
[Round "4"]
[White "Gustafson, Dale"]
[Black "Penner, Wesley"]
[Result "1/2-1/2"]
[WhiteElo "2040"]
[BlackElo "1749"]
[PlyCount "158"]
[EventDate "2003.08.29"]
[EventType "swiss"]
[EventRounds "6"]
[EventCountry "CAN"]

1. e4 e6 2. d4 d5 3. Nc3 Bb4 4. a3 Bxc3+ 5. bxc3 dxe4 6. f3 exf3 7. Nxf3 Nd7 8.
Bd3 Ngf6 9. O-O O-O 10. Bg5 c6 11. Ne5 Qa5 12. Nxd7 Nxd7 13. Be7 Re8 14. Bb4
Qg5 15. Rf3 Nf6 16. Bd6 g6 17. Qf1 Ng4 18. Rxf7 Bd7 19. h3 Ne3 20. Qf2 Rad8 21.
Bf4 Qxg2+ 22. Qxg2 Nxg2 23. Rf6 Nxf4 24. Rxf4 e5 25. Bc4+ Be6 26. Bxe6+ Rxe6
27. Re4 Rde8 28. Rae1 Kf7 29. dxe5 R6e7 30. c4 Ke6 31. R4e3 Rf8 32. Rd3 Rf5 33.
Rd6+ Kf7 34. e6+ Kf6 35. Rd7 Ra5 36. Red1 Kxe6 37. R1d6+ Kf7 38. Rd3 c5 39. Kf2
Ra6 40. R7d5 Rf6+ 41. Kg3 b6 42. a4 Rc6 43. h4 h5 44. Ra3 a5 45. Rad3 Ree6 46.
Rd7+ Kf6 47. Kf4 Re8 48. R7d6+ Re6 49. Rd7 Rc8 50. R7d6 Rce8 51. c3 Rxd6 52.
Rxd6+ Re6 53. Rd7 Rc6 54. Rd8 Kg7 55. Re8 Kf7 56. Rd8 Rf6+ 57. Kg5 Kg7 58. Rd7+
Rf7 59. Rd5 Rf8 60. Rd7+ Rf7 61. Rd5 Kh7 62. Re5 Kg7 63. Rd5 Re7 64. Rd6 Re5+
65. Kf4 Rf5+ 66. Kg3 Rf6 67. Rd7+ Kh6 68. Rd8 g5 69. Rh8+ Kg7 70. Rxh5 gxh4+
71. Rxh4 Kf7 72. Rf4 Rxf4 73. Kxf4 Kf6 74. Ke4 Ke6 75. Kf4 Kf6 76. Ke4 Ke6 77.
Kf4 Kf6 78. Ke4 Ke6 79. Kf4 Kf6 1/2-1/2

[Event "Abe Yanofsky mem"]
[Site "Winnipeg CAN"]
[Date "2003.08.31"]
[Round "4"]
[White "Hinds, Ronald"]
[Black "Mu, Yuchen"]
[Result "0-1"]
[WhiteElo "1988"]
[BlackElo "1878"]
[PlyCount "68"]
[EventDate "2003.08.29"]
[EventType "swiss"]
[EventRounds "6"]
[EventCountry "CAN"]

1. e4 c5 2. Nf3 d6 3. d4 cxd4 4. Nxd4 Nf6 5. Nc3 g6 6. Bc4 Bg7 7. O-O Nc6 8.
Re1 O-O 9. Bb3 Bd7 10. Bg5 h6 11. Bh4 Qb6 12. Nxc6 Bxc6 13. Nd5 Qd8 14. Nxf6+
Bxf6 15. Bxf6 exf6 16. Qg4 Kg7 17. Rad1 Qe7 18. Re3 Rad8 19. Rd4 Qe5 20. c3 h5
21. Qd1 h4 22. Bd5 Rc8 23. h3 Rh8 24. Qb3 Rc7 25. Qa3 a6 26. Qa5 Rhc8 27. Qb6
Re7 28. b4 Qg5 29. a4 f5 30. Rc4 f4 31. Rf3 Bxd5 32. Rxc8 Rxe4 33. Kh2 Re1 34.
Qd4+ f6 0-1

[Event "Abe Yanofsky mem"]
[Site "Winnipeg CAN"]
[Date "2003.08.31"]
[Round "4"]
[White "Khedkar, Jay"]
[Black "Sladek, Vaclav"]
[Result "0-1"]
[WhiteElo "1858"]
[BlackElo "2071"]
[PlyCount "36"]
[EventDate "2003.08.29"]
[EventType "swiss"]
[EventRounds "6"]
[EventCountry "CAN"]

1. e4 c5 2. Nf3 e6 3. d4 cxd4 4. Nxd4 Qb6 5. Nb3 Qc7 6. c4 a6 7. Nc3 Nf6 8. a3
Be7 9. Be2 b6 10. Be3 Nc6 11. Rc1 Qd8 12. O-O O-O 13. f4 d6 14. Bf3 Bb7 15. Qe2
Nd7 16. Rfd1 Qb8 17. Qf2 Nc5 18. Nd2 Nd3 0-1

[Event "Abe Yanofsky mem"]
[Site "Winnipeg CAN"]
[Date "2003.08.31"]
[Round "4"]
[White "Lipnowski, Michael"]
[Black "Deiseach, Donald"]
[Result "1-0"]
[WhiteElo "1972"]
[BlackElo "2122"]
[PlyCount "75"]
[EventDate "2003.08.29"]
[EventType "swiss"]
[EventRounds "6"]
[EventCountry "CAN"]

1. d4 d5 2. c4 e6 3. cxd5 exd5 4. Nc3 Nf6 5. Bg5 c6 6. e3 Nbd7 7. Bd3 Bd6 8.
Qc2 h6 9. Bh4 O-O 10. Nf3 Re8 11. O-O Qc7 12. Rfc1 a6 13. Rab1 Ng4 14. Bg3 Bxg3
15. hxg3 Ndf6 16. b4 Qe7 17. Nd1 Ne4 18. a4 Bd7 19. b5 axb5 20. axb5 Ra3 21.
bxc6 Bxc6 22. Bb5 Ngxf2 23. Nxf2 Rc3 24. Qxc3 Nxc3 25. Rxc3 f6 26. Bxc6 bxc6
27. Rxc6 Ra8 28. Re1 Ra2 29. e4 Qb7 30. exd5 Kf7 31. Nd3 Qb5 32. Nf4 g5 33.
Rc7+ Kg8 34. Nh5 Ra8 35. Nxf6+ Kf8 36. Ree7 Qb1+ 37. Kh2 Qg6 38. Ne5 1-0

[Event "Abe Yanofsky mem"]
[Site "Winnipeg CAN"]
[Date "2003.08.31"]
[Round "4"]
[White "Lipnowski, Samuel"]
[Black "Drake, Jason"]
[Result "1/2-1/2"]
[WhiteElo "2099"]
[BlackElo "2205"]
[PlyCount "111"]
[EventDate "2003.08.29"]
[EventType "swiss"]
[EventRounds "6"]
[EventCountry "CAN"]

1. d4 d5 2. c4 c6 3. Nf3 Nf6 4. Qc2 e6 5. g3 dxc4 6. Qxc4 b5 7. Qc2 Bb7 8. Bg2
Nbd7 9. O-O Qb6 10. a4 a6 11. a5 Qa7 12. Ne5 Rc8 13. Nxd7 Nxd7 14. Nc3 c5 15.
d5 exd5 16. Nxd5 Bxd5 17. Bxd5 Nf6 18. Qf5 Qd7 19. Qxd7+ Nxd7 20. Bb7 Rb8 21.
Bxa6 Bd6 22. Rd1 Ke7 23. e4 Ne5 24. f4 Nf3+ 25. Kg2 Nd4 26. e5 Bc7 27. Be3 Nb3
28. Ra3 c4 29. Rd5 b4 30. Ra2 c3 31. bxc3 bxc3 32. Bd3 Rhd8 33. Rxd8 Rxd8 34.
Bc2 Nxa5 35. Ra3 Rb8 36. Rxc3 Bb6 37. Bc1 Bd4 38. Ba3+ Ke6 39. Rc7 Bb2 40. Bd6
Rb7 41. Bb3+ Rxb3 42. Re7+ Kd5 43. Rxf7 Rb7 44. Rf8 Nc4 45. Bb8 g6 46. Kf3 Ba3
47. Rc8 h5 48. Rd8+ Ke6 49. Rc8 Rb3+ 50. Ke2 Kd5 51. Ba7 Rb2+ 52. Kd3 Rb3+ 53.
Ke2 Rb7 54. Bg1 Rb2+ 55. Kd3 Rb3+ 56. Ke2 1/2-1/2

[Event "Abe Yanofsky mem"]
[Site "Winnipeg CAN"]
[Date "2003.08.31"]
[Round "4"]
[White "Melamedoff, Gustavo"]
[Black "Hughey, Micah"]
[Result "0-1"]
[WhiteElo "2207"]
[BlackElo "2112"]
[PlyCount "84"]
[EventDate "2003.08.29"]
[EventType "swiss"]
[EventRounds "6"]
[EventCountry "CAN"]

1. e4 e5 2. Nf3 Nc6 3. Bb5 a6 4. Bxc6 bxc6 5. O-O d6 6. d4 f6 7. dxe5 fxe5 8.
Nxe5 dxe5 9. Qh5+ Ke7 10. Qxe5+ Kf7 11. Qf4+ Kg6 12. Nc3 Bb4 13. Rd1 Qe7 14.
Qg3+ Kf7 15. Bg5 Qe6 16. Rd8 Bd6 17. e5 Qxe5 18. Qf3+ Kg6 19. Ne4 Qxh2+ 20. Kf1
Qh1+ 21. Ke2 Qh5 22. Qxh5+ Kxh5 23. f3 Bb7 24. Rd7 Be5 25. f4 Bc8 26. Rd3 Bg4+
27. Kf2 Rf8 28. Rh1+ Kg6 29. Rg3 Bd4+ 30. Kf1 Kf5 31. Nf2 Bxf2 32. Kxf2 Nf6 33.
Bxf6 Rxf6 34. Rh4 Rg6 35. Rc3 h5 36. Rc5+ Kxf4 37. Rh1 Re8 38. g3+ Ke4 39. b4
Rf6+ 40. Ke1 Kf3+ 41. Kd2 Rd6+ 42. Kc1 Kxg3 0-1

[Event "Abe Yanofsky mem"]
[Site "Winnipeg CAN"]
[Date "2003.08.31"]
[Round "4"]
[White "Nikouline, Alexandre"]
[Black "Hildebrandt, Peter"]
[Result "0-1"]
[WhiteElo "1965"]
[BlackElo "1538"]
[PlyCount "76"]
[EventDate "2003.08.29"]
[EventType "swiss"]
[EventRounds "6"]
[EventCountry "CAN"]

1. e4 e6 2. d4 d5 3. e5 c5 4. c3 Nc6 5. Nf3 cxd4 6. cxd4 Qb6 7. Bd3 Bb4+ 8. Nc3
Bd7 9. Be3 Nge7 10. O-O O-O 11. Bxh7+ Kh8 12. Bc2 f6 13. Na4 Qd8 14. Ng5 Qe8
15. Qg4 Ng8 16. exf6 Rxf6 17. Nh7 Nh6 18. Qh4 Rg6 19. Bxg6 Qxg6 20. Bxh6 gxh6
21. Nc5 Bxc5 22. dxc5 Kxh7 23. Qg3 e5 24. Qxg6+ Kxg6 25. f3 a5 26. b3 Rc8 27.
a3 Kf6 28. b4 axb4 29. axb4 Nxb4 30. Rab1 Na6 31. Rxb7 Nxc5 32. Rb6+ Ne6 33.
Rd6 Bb5 34. Rb1 Bc4 35. Rb7 d4 36. Kf2 Rd8 37. Rxd8 Nxd8 38. Rh7 Nf7 0-1

[Event "Abe Yanofsky mem"]
[Site "Winnipeg CAN"]
[Date "2003.08.31"]
[Round "4"]
[White "Prystenski, Arthur"]
[Black "Babb, Jeff"]
[Result "0-1"]
[WhiteElo "2225"]
[BlackElo "2149"]
[PlyCount "115"]
[EventDate "2003.08.29"]
[EventType "swiss"]
[EventRounds "6"]
[EventCountry "CAN"]

1. d4 g6 2. Nf3 Bg7 3. g3 c5 4. c4 cxd4 5. Nxd4 Qb6 6. Nb5 a6 7. N5c3 Qc6 8.
Qd5 Nf6 9. Qxc6 Nxc6 10. Bg2 d6 11. O-O Be6 12. Na3 Nd7 13. Bd2 O-O 14. Rab1
Rab8 15. Nd5 Rfc8 16. Rfc1 Kf8 17. Bc3 Bxc3 18. Rxc3 b5 19. cxb5 axb5 20. Rbc1
b4 21. Rxc6 Rxc6 22. Rxc6 bxa3 23. b3 Nc5 24. Nc3 Bxb3 25. axb3 Rxb3 26. Rc8+
Kg7 27. Na2 Rb1+ 28. Bf1 Rb2 29. Nc1 Rc2 30. Nd3 a2 31. Ra8 Nb3 32. Nb4 a1=Q
33. Rxa1 Nxa1 34. Nxc2 Nxc2 35. Bg2 Nd4 36. Kf1 f5 37. Ke1 Kf6 38. Kd2 Ne6 39.
Kd3 g5 40. h3 h5 41. Ke3 h4 42. Bb7 Ke5 43. Kd2 Nc5 44. Bg2 Ne4+ 45. Bxe4 Kxe4
46. gxh4 gxh4 47. Ke1 f4 48. Kd2 Kd4 49. Kc2 e5 50. Kd2 Kc4 51. Kc2 d5 52. Kd2
d4 53. Kc2 e4 54. Kd2 e3+ 55. fxe3 dxe3+ 56. Kc2 Kd4 57. Kc1 Kc3 58. Kd1 0-1

[Event "Abe Yanofsky mem"]
[Site "Winnipeg CAN"]
[Date "2003.08.31"]
[Round "4"]
[White "Regimbald, Adrien"]
[Black "Hellsten, Ole"]
[Result "1/2-1/2"]
[WhiteElo "1847"]
[BlackElo "2006"]
[PlyCount "45"]
[EventDate "2003.08.29"]
[EventType "swiss"]
[EventRounds "6"]
[EventCountry "CAN"]

1. c4 f5 2. g3 Nf6 3. Bg2 e6 4. Nc3 Be7 5. e3 O-O 6. Nge2 c6 7. O-O d6 8. d4
Bd7 9. a4 a5 10. b3 Be8 11. Ba3 Bh5 12. Qc2 Bxe2 13. Nxe2 Qe8 14. Rfb1 d5 15.
b4 axb4 16. Bxb4 dxc4 17. Qxc4 Nd5 18. Bxe7 Qxe7 19. Qb3 Rf7 20. Bxd5 exd5 21.
Nf4 Qe4 22. Qd3 Na6 23. h4 1/2-1/2

[Event "Abe Yanofsky mem"]
[Site "Winnipeg CAN"]
[Date "2003.08.31"]
[Round "4"]
[White "Santelices, Philip"]
[Black "Lipnowski, Irwin"]
[Result "0-1"]
[WhiteElo "1560"]
[BlackElo "2276"]
[PlyCount "56"]
[EventDate "2003.08.29"]
[EventType "swiss"]
[EventRounds "6"]
[EventCountry "CAN"]

1. e4 c5 2. Nf3 e6 3. d4 cxd4 4. Nxd4 a6 5. c4 Nf6 6. Nc3 Qc7 7. Be2 Bb4 8. Qc2
Qe5 9. Be3 Nxe4 10. O-O Nxc3 11. bxc3 Be7 12. Nf3 Qc7 13. Rab1 Bc5 14. Nd4 d6
15. Qe4 O-O 16. Bd3 f5 17. Qh4 Nc6 18. f4 Ne7 19. Rf3 Rf6 20. Rh3 Rh6 21. Qg5
Rxh3 22. gxh3 e5 23. fxe5 dxe5 24. Ne2 h6 25. Qh5 Bxe3+ 26. Kf1 Qc6 27. Ng3 e4
28. Rb6 Bxb6 0-1

[Event "Abe Yanofsky mem"]
[Site "Winnipeg CAN"]
[Date "2003.08.31"]
[Round "4"]
[White "Tang, Edward"]
[Black "Eschbach, Ralph"]
[Result "1-0"]
[WhiteElo "1984"]
[BlackElo "1861"]
[PlyCount "70"]
[EventDate "2003.08.29"]
[EventType "swiss"]
[EventRounds "6"]
[EventCountry "CAN"]

1. e4 e5 2. Nf3 Nf6 3. Nxe5 d6 4. Nf3 Nxe4 5. d4 d5 6. Bd3 Nc6 7. O-O Be7 8. c4
Nf6 9. Nc3 O-O 10. cxd5 Nb4 11. Bb1 Nbxd5 12. Bg5 h6 13. Bh4 Bg4 14. a3 Nf4 15.
Bg3 N6h5 16. Qc2 g6 17. Ne5 Bf5 18. Qa4 Bxb1 19. Raxb1 Nxg3 20. fxg3 Ne6 21. d5
Nc5 22. Qd4 Nb3 23. Qd1 Bc5+ 24. Kh1 Nd4 25. Ne4 Bb6 26. Nf6+ Kg7 27. Ned7 Nf5
28. Nxf8 Ne3 29. Qf3 Nxf1 30. Rxf1 Qxf8 31. d6 cxd6 32. Qxb7 Rb8 33. Qd5 Qe7
34. Ng4 Rc8 35. Qd2 Qe6 1-0

[Event "Abe Yanofsky mem"]
[Site "Winnipeg CAN"]
[Date "2003.08.31"]
[Round "4"]
[White "Vincent, Trevor"]
[Black "Bisguier, Arthur"]
[Result "0-1"]
[WhiteElo "2044"]
[BlackElo "2297"]
[PlyCount "46"]
[EventDate "2003.08.29"]
[EventType "swiss"]
[EventRounds "6"]
[EventCountry "CAN"]

1. c4 e5 2. g3 f5 3. Bg2 Nf6 4. d3 Bb4+ 5. Bd2 Bxd2+ 6. Qxd2 O-O 7. Nc3 d6 8.
e3 c6 9. Nge2 d5 10. cxd5 cxd5 11. d4 e4 12. O-O Nc6 13. Rab1 b6 14. Rfc1 Bb7
15. h4 Qd7 16. Nf4 Ba6 17. Qd1 Ne7 18. Bf1 Bxf1 19. Qxf1 Ng6 20. Nxg6 hxg6 21.
Qa6 Rac8 22. Nb5 f4 23. exf4 e3 0-1

[Event "Abe Yanofsky mem"]
[Site "Winnipeg CAN"]
[Date "2003.08.31"]
[Round "5"]
[White "Babb, Jeff"]
[Black "Baragar, Fletcher"]
[Result "1/2-1/2"]
[WhiteElo "2149"]
[BlackElo "2265"]
[PlyCount "69"]
[EventDate "2003.08.29"]
[EventType "swiss"]
[EventRounds "6"]
[EventCountry "CAN"]

1. e4 e6 2. d3 d5 3. Nd2 Nf6 4. Ngf3 c5 5. g3 Nc6 6. Bg2 Be7 7. O-O Qc7 8. Re1
b5 9. Qe2 a5 10. Nf1 O-O 11. e5 Nd7 12. Bf4 b4 13. h4 Ba6 14. Ne3 Qb6 15. h5
Nd4 16. Nxd4 cxd4 17. Ng4 Rfc8 18. h6 g6 19. Nh2 Rc6 20. Nf3 Rac8 21. Rac1 Bc5
22. Qd1 Qc7 23. Re2 Ba7 24. Ne1 Qd8 25. Qd2 Nc5 26. Bg5 Qf8 27. b3 Bb7 28. Rb1
Na6 29. Bf6 Nc7 30. Qg5 Bc5 31. Nf3 Ne8 32. Rf1 Nxf6 33. exf6 Bb6 34. Ne1 Bd8
35. f4 1/2-1/2